Minecraft Life Series - All YouTube Channels - Statistics

General Stats
  • This quiz has been taken 145 times
    3 since last reset
  • The average score is 28 of 72
Answer Stats
Subscribers IGN Answer Handle % Correct
8,900,000 Grian Grian @Grian
100%
3,270,000 bigbst4tz2 BigB @Bigbst4tz2
67%
1,480,000 Smajor1995 Dangthatsalongname @Dangthatsalongname
67%
2,210,000 GoodTimeWithScar GoodTimesWithScar @GoodTimesWithScar
67%
1,310,000 impulseSV impulseSV @impulseSV
67%
659,000 Mumbo Mumbo @Mumbo
67%
9,770,000 Mumbo Mumbo Jumbo @ThatMumboJumbo
67%
47,800 PearlescentMoon PearlescentMoo @PearlescentMoo
67%
832,000 PearlescentMoon PearlescentMoon @PearlescentMoon
67%
1,030,000 Grian Two Much Grian @TwoMuchGrian
67%
2,070,000 BdoubleO100 BdoubleO100 @bdoubleo
33%
120,000 BdoubleO100 BdoubleOLive @BdoubleOLIVE
33%
33,200 BdoubleO100 BDUBSwithCHEESE @bdubswithcheese7439
33%
8,170 bigbst4tz2 BigB - Bloxburg @bigbblox
33%
46,700 bigbst4tz2 BigB - Brawl Stars @BigBBrawlStars
33%
35,100 bigbst4tz2 BigB - Clips @BigBClips
33%
24,900 bigbst4tz2 BigBLore @BigBLore
33%
162,000 bigbst4tz2 BigB - Minecraft @Bigbst4tz22
33%
342,000 bigbst4tz2 BigB - Pixel Gun 3D @BigBPixelGun3D
33%
64,500 bigbst4tz2 BigBPlays @Bigbplays.
33%
356,000 bigbst4tz2 BigBPlus @BigB2Plus
33%
2,170 bigbst4tz2 BigB Reacts @BigB_Reacts
33%
155 bigbst4tz2 BigB - Talks @bigb_talks
33%
2,440 bigbst4tz2 BigBTopVideos @BigBTopVideos
33%
1,460 bigbst4tz2 Brookhaven - Movies @brookhaven-movies122
33%
2,220 ZombieCleo Cleo's Horde @cleoshorde1975
33%
70,000 LDShadowLady EldyGachaLady @eldygachalady4310
33%
2,650,000 Etho EthosLab @EthosLab
33%
2,210,000 GeminiTay GeminiTay @GeminiTayMC
33%
243,000 GeminiTay GeminiTwo @GeminiTwo
33%
134,000 GoodTimeWithScar GoodClipsWithScar @goodclipswithscar160
33%
102,000 GoodTimeWithScar GoodVodsWithScar @goodvodswithscar
33%
110,000 impulseSV, Skizzleman Imp And Skizz @ImpAndSkizz
33%
117,000 impulseSV, Skizzleman Imp And Skizz Podcast @impandskizzpodcast
33%
186,000 impulseSV impulseSV2 @impulseSV2
33%
20,300 impulseSV impulseSV Clips @impulsesvclips
33%
41,000 Smallishbeans Inthebeantime @Inthebeantime
33%
2,460,000 InTheLittleWood InTheLittleWood @inthelittlewood
33%
279,000 InTheLittleWood InTheLittleWood aka Martyn @martyn
33%
41,700 InTheLittleWood InTheLittleWood Shorts @inthelittleshorts
33%
35,400 InTheLittleWood InTheLittleWood VODS @InTheLittleWoodLive
33%
55,000 InTheLittleWood itld @InTheLittleDream
33%
227 BdoubleO100 john “Bdoubleincaseofcopyright” bdoubleo @johnbdoubleo9975
33%
7,440,000 LDShadowLady LDShadowLady @ldshadowlady
33%
231,000 Skizzleman MCSkizzleman @MCSkizzleman
33%
767,000 LDShadowLady More LDShadowLady @MoreLDShadowLady
33%
197,000 Smallishbeans More Smallishbeans @MoreSmallishbeans
33%
3,580 Smallishbeans Mouseyluvscheese @Mouseyluvscheese
33%
126 Mumbo MrOliBrotherhood @MrOliBrotherhood
33%
135,000 Mumbo Mumbo but more Jumbo @ThatJumboMumbo
33%
19,400 bigbst4tz2 MyNamesAnthony @MyNamesAnthony
33%
36,000 PearlescentMoon PearlescentMoonies @PearlescentMoonies
33%
95,600 bigbst4tz2 Piggy - Movies @PiggyMovies
33%
250 LDShadowLady PrincessWifi @princesswifi7583
33%
720,000 Renthedog rendog @rendog
33%
12,200 Renthedog rendogtv @rendogtv
33%
3,300 Skizzleman ShorterSkizz @ShorterSkizz-sf3ow
33%
43,800 Skizzleman SkizzlemanLive @skizzlemanlive3471
33%
31,100 Smajor1995 SmajorVODS @SmajorVODS
33%
4,040,000 Smallishbeans SmallishBeans @SmallishBeans
33%
45,700 Smallishbeans Smallishbeans Clips @smallishbeansclips6300
33%
55,100 Smallishbeans SmallishStreams @SmallishStreams
33%
1,340,000 SolidarityGaming Solidarity @SolidarityGaming
33%
52,100 SolidarityGaming Solidarity - Roblox @SolidarityRoblox
33%
139,000 SolidarityGaming Solidarity Shorts @SolidarityShorts
33%
127,000 SolidarityGaming Solidarity VODS @SolidarityVODS
33%
1,190,000 Tango Tango Tek @TangoTekLP
33%
161,000 Tango Tango Tek2 @TangoTek2
33%
20,300 Mumbo TheMumbo @OfficialMumbo
33%
14,000 Mumbo ThingsInNutshells @ThingsInNutshells
33%
390,000 ZombieCleo ZombieCleo @ZombieCleo
33%
10,700 ZombieCleo ZombieCleo Streams @zombiecleostreams
33%
No matching quizzes found
Score Distribution
Percent of People with Each Score
Percentile by Number Answered
Your Score History
You have not taken this quiz since the last reset